01180nam a22003014a 4500001001200000003000800012006001900020007001500039008004100054010001700095020002300112040002100135035002100156050002400177082001700201100002100218245011600239260003400355300001600389504005100405533015200456650003600608651004300644655002900687710001700716856012600733999001900859ebr10044862CaPaEBRm u cr cn|||||||||020125s2002 nyu sb 001 0 eng  z 2002020059 z0333774752 (cloth) aCaPaEBRcCaPaEBR a(OCoLC)55946360114aJN6760b.S26 2002eb04a320.94382211 aSanford, George.10aDemocratic government in Polandh[electronic resource] :bconstitutional politics since 1989 /cGeorge Sanford. aNew York :bPalgrave,cc2002. axix, 256 p. aIncludes bibliographical references and index. aElectronic reproduction.bPalo Alto, Calif. :cebrary,d2013.nAvailable via World Wide Web.nAccess may be limited to ebrary affiliated libraries. 0aConstitutional historyzPoland. 0aPolandxPolitics and governmenty1989- 7aElectronic books.2local2 aebrary, Inc.40uhttp://site.ebrary.com/lib/rucke/Doc?id=10044862zAn electronic book accessible through the World Wide Web; click to view c179313d179313